000 00637nam a2200241Ia 4500
003 OSt
005 20221007065650.0
006 a|||||r|||| 00| 0
007 ta
008 221006b |||||||| |||| 00| 0 eng d
024 _a2,907
037 _cTextual
040 _aFLL
_cFLL
_beng
041 _2eng
_aeng
082 _aZ2,2,4, P5
100 _aShukla S.N. Au.
245 0 _atransfer of property act
250 _a25th
260 _aFaridabad
_bAllahabad Law Agency India
_c2005
650 _aTransfer of proeprty act
_9681567
942 _hZ2,2,4, P5
_cTEXL
_2CC
999 _c1137959
_d1137959